000 00314nam a22001457a 4500
008 230718b ||||| |||| 00| 0 eng d
020 _a9780495803980
041 _aeng
080 _a159.9
082 _a159.9MIT
100 _a25
101 _aPSI
245 _aRESEARCH DESIGN
_cMITCHELL.L.M
942 _2udc
_cBK
999 _c60158
_d60158